000 00360nam a2200133 4500
999 _c514979
_d514979
082 _aTNC A99 V519/D834
100 _aDinakar
_920011
245 _aVeerappan's prize catch: Rajkumar
260 _aNew Delhi
_bKonark
_c2003
300 _a313p.
650 _aVīrappan
_920028
650 _aWildlife smuggling -- India
_920029
650 _aCriminals -- India
_920030